Taking control of your career : (Record no. 24320)
[ view plain ]
| 000 -LEADER | |
|---|---|
| fixed length control field | 01805nam a22004937a 4500 |
| 001 - CONTROL NUMBER | |
| control field | 18793515 |
| 003 - CONTROL NUMBER IDENTIFIER | |
| control field | OSt |
| 005 - DATE AND TIME OF LATEST TRANSACTION | |
| control field | 20210203104530.0 |
| 008 - FIXED-LENGTH DATA ELEMENTS--GENERAL INFORMATION | |
| fixed length control field | 170306b xxu||||| |||| 00| 0 eng d |
| 010 ## - LIBRARY OF CONGRESS CONTROL NUMBER | |
| LC control number | 2014482850 |
| 015 ## - NATIONAL BIBLIOGRAPHY NUMBER | |
| National bibliography number | C20089043197 |
| 016 ## - NATIONAL BIBLIOGRAPHIC AGENCY CONTROL NUMBER | |
| Record control number | 20089043197 |
| 016 7# - NATIONAL BIBLIOGRAPHIC AGENCY CONTROL NUMBER | |
| Record control number | 101495265 |
| Source | DNLM |
| 020 ## - INTERNATIONAL STANDARD BOOK NUMBER | |
| International Standard Book Number | 9781897422168 (paperback) |
| 035 ## - SYSTEM CONTROL NUMBER | |
| System control number | (OCoLC)ocn242051005 |
| 040 ## - CATALOGING SOURCE | |
| Original cataloging agency | MMU |
| Language of cataloging | eng |
| Transcribing agency | MMU |
| Modifying agency | MMU |
| 042 ## - AUTHENTICATION CODE | |
| Authentication code | lccopycat |
| 050 00 - LIBRARY OF CONGRESS CALL NUMBER | |
| Classification number | R690 |
| Item number | .D66 2009 |
| 060 00 - NATIONAL LIBRARY OF MEDICINE CALL NUMBER | |
| Classification number | 2009 B-223 |
| 060 10 - NATIONAL LIBRARY OF MEDICINE CALL NUMBER | |
| Classification number | W 21 |
| Item number | D686t 2009 |
| 100 1# - MAIN ENTRY--PERSONAL NAME | |
| Personal name | Donner, Gail J. |
| Fuller form of name | (Gail Judith), |
| Dates associated with a name | 1942- |
| 245 10 - TITLE STATEMENT | |
| Title | Taking control of your career : |
| Remainder of title | a handbook for health professionals / |
| Statement of responsibility, etc. | Gail J. Donner, Mary M. Wheeler. |
| 264 #1 - PRODUCTION, PUBLICATION, DISTRIBUTION, MANUFACTURE, AND COPYRIGHT NOTICE | |
| Place of production, publication, distribution, manufacture | Toronto, ON, Canada : |
| Name of producer, publisher, distributor, manufacturer | Mosby Elsevier, |
| Date of production, publication, distribution, manufacture, or copyright notice | [2009] |
| 300 ## - PHYSICAL DESCRIPTION | |
| Extent | xiv, 130 pages : |
| Other physical details | illustrations (some color), portrait ; |
| Dimensions | 23 cm |
| 336 ## - CONTENT TYPE | |
| Content type term | text |
| Content type code | txt |
| Source | rdacontent |
| 337 ## - MEDIA TYPE | |
| Media type term | unmediated |
| Media type code | n |
| Source | rdamedia |
| 338 ## - CARRIER TYPE | |
| Carrier type term | volume |
| Carrier type code | nc |
| Source | rdacarrier |
| 500 ## - GENERAL NOTE | |
| General note | Includes bibliographical references (pages 119-121) and index. |
| 650 #0 - SUBJECT ADDED ENTRY--TOPICAL TERM | |
| Topical term or geographic name as entry element | Medicine |
| General subdivision | Vocational guidance. |
| 650 #0 - SUBJECT ADDED ENTRY--TOPICAL TERM | |
| Topical term or geographic name as entry element | Medical personnel. |
| 650 #0 - SUBJECT ADDED ENTRY--TOPICAL TERM | |
| Topical term or geographic name as entry element | Career development. |
| 650 12 - SUBJECT ADDED ENTRY--TOPICAL TERM | |
| Topical term or geographic name as entry element | Health Personnel. |
| 650 22 - SUBJECT ADDED ENTRY--TOPICAL TERM | |
| Topical term or geographic name as entry element | Career Mobility. |
| 650 22 - SUBJECT ADDED ENTRY--TOPICAL TERM | |
| Topical term or geographic name as entry element | Vocational Guidance. |
| 650 #6 - SUBJECT ADDED ENTRY--TOPICAL TERM | |
| Topical term or geographic name as entry element | Médecine |
| General subdivision | Orientation professionnelle. |
| 650 #6 - SUBJECT ADDED ENTRY--TOPICAL TERM | |
| Topical term or geographic name as entry element | Personnel médical. |
| 650 #6 - SUBJECT ADDED ENTRY--TOPICAL TERM | |
| Topical term or geographic name as entry element | Plan de carrière. |
| 650 #7 - SUBJECT ADDED ENTRY--TOPICAL TERM | |
| Topical term or geographic name as entry element | Career development. |
| Source of heading or term | fast |
| Authority record control number | (OCoLC)fst00847280 |
| 650 #7 - SUBJECT ADDED ENTRY--TOPICAL TERM | |
| Topical term or geographic name as entry element | Medical personnel. |
| Source of heading or term | fast |
| Authority record control number | (OCoLC)fst01014407 |
| 650 #7 - SUBJECT ADDED ENTRY--TOPICAL TERM | |
| Topical term or geographic name as entry element | Medicine |
| General subdivision | Vocational guidance. |
| Source of heading or term | fast |
| Authority record control number | (OCoLC)fst01015150 |
| 700 1# - ADDED ENTRY--PERSONAL NAME | |
| Personal name | Wheeler, Mary M. |
| 776 08 - ADDITIONAL PHYSICAL FORM ENTRY | |
| Relationship information | Online version: |
| Main entry heading | Donner, Gail J. (Gail Judith), 1942- |
| Title | Taking control of your career. |
| Place, publisher, and date of publication | Toronto, ON : Mosby/Elsevier, ©2009 |
| Record control number | (OCoLC)623079943 |
| 942 ## - ADDED ENTRY ELEMENTS (KOHA) | |
| Source of classification or shelving scheme | Library of Congress Classification |
| Koha item type | L |
| Withdrawn status | Lost status | Source of classification or shelving scheme | Damaged status | Not for loan | Home library | Current library | Date acquired | Source of acquisition | Total Checkouts | Full call number | Barcode | Date last seen | Price effective from | Koha item type |
|---|---|---|---|---|---|---|---|---|---|---|---|---|---|---|
| Library of Congress Classification | Maasai Mara University Library -Main Campus | Maasai Mara University Library -Main Campus | 03/06/2017 | Donation -T4C | RT82 .T33 2003 | 17026672 | 03/06/2017 | 03/06/2017 | L |